000 00986nam a2200337 a 4500
003 AR-BaBNM
005 20251128205550.0
008 082120s2002 ||||||||||||||000 | spa||
020 _a0-7507-0537-X
040 _cAR-BaBNM
100 1 _aMadsen, Jean
245 0 0 _aPrivate and public school partnerships
_bsharing lessons about decentralization
250 _a1ª ed.
260 _aWashington, D.C.
_bFalmer Press
_c1996
300 _a243 p.
_bdiagr.
500 _aApéndice: Preguntas de la investigación: p. 225-226
500 _aIndice: p. 237-243
504 _aBibliografía: p. 227-236
650 4 _aPOLITICA EDUCATIVA
650 4 _aDESCENTRALIZACION
650 4 _aESCUELAS PUBLICAS
651 4 _aEstados Unidos
653 _aSISTEMA EDUCATIVO
653 _aEDUCACION PRIVADA
653 _aINVESTIGACION EDUCATIVA
653 _aAUTONOMIA
653 _aGESTION INSTITUCIONAL
700 1 _aCibulka, James G.
_eprologuista
942 _cBK
998 _csilvi
999 _c11920
_d11920